You are welcome to Elsinore (notice n° 1547772)
[ vue normale ]
| 000 -LEADER | |
|---|---|
| fixed length control field | 00509cam a2200169 4500500 |
| 005 - DATE AND TIME OF LATEST TRANSACTION | |
| control field | 20251012032608.0 |
| 041 ## - LANGUAGE CODE | |
| Language code of text/sound track or separate title | fre |
| 042 ## - AUTHENTICATION CODE | |
| Authentication code | dc |
| 100 10 - MAIN ENTRY--PERSONAL NAME | |
| Personal name | Cesariny, Mário |
| Relator term | author |
| 245 00 - TITLE STATEMENT | |
| Title | You are welcome to Elsinore |
| 260 ## - PUBLICATION, DISTRIBUTION, ETC. | |
| Date of publication, distribution, etc. | 2007.<br/> |
| 500 ## - GENERAL NOTE | |
| General note | 46 |
| 700 10 - ADDED ENTRY--PERSONAL NAME | |
| Personal name | Lévi, Florence |
| Relator term | author |
| 700 10 - ADDED ENTRY--PERSONAL NAME | |
| Personal name | Sesé, Bernard |
| Relator term | author |
| 786 0# - DATA SOURCE ENTRY | |
| Note | Sigila | 19 | 1 | 2007-06-20 | p. 180-183 | 1286-1715 |
| 856 41 - ELECTRONIC LOCATION AND ACCESS | |
| Uniform Resource Identifier | <a href="https://shs.cairn.info/revue-sigila-2007-1-page-180?lang=fr&redirect-ssocas=7080">https://shs.cairn.info/revue-sigila-2007-1-page-180?lang=fr&redirect-ssocas=7080</a> |
Pas d'exemplaire disponible.




Réseaux sociaux